000 00352 a2200157 4500
001 152973
040 _cEscola São Tomás de Aquino
100 _aMACHADO, Ana Maria
240 1 0 _aNas asas do mar
_lpor
245 1 0 _aNas asas do mar
300 _a118
362 0 _a2012
440 1 _aÁtica
697 _a*LITERATURA INFANTO JUVENIL
942 _cBK
999 _c152973
_d152973